000 02061nam a2200421 4500
001 14024
003 http://catalogue.bnf.fr/ark:/12148/cb48707709h
005 20260226144600.0
010 _a9782487746251
_d10 EUR
073 0 _a9782487746251
090 _a14024
099 _o0
100 _a20260220d2026 m y0frey50 ba
101 0 _afre
102 _aFR
105 _a||||z 00|||
181 0 _601
_ai
_bxxxe
181 _602
_ctxt
_2rdacontent
182 0 _601
_an
182 _602
_cn
_2rdamedia
200 1 _aSans Ulysse
_bLIVR
214 0 _cEsse que éditions
_d2026
214 3 _cImpr. Typolibris
214 0 _aPantin
214 3 _a22-Saint-Brieuc cedex 9
215 _a1 vol. (56 p.)
215 _d19 cm
225 1 _aPrémisses
323 _a4 personnages
330 _aÀ sa mort, Shoshana a laissé à sa fille un manuscrit inachevé, Sans Ulysse, dont celle-ci a tenté tant bien que mal de déchiffrer les premières lignes. «Je m absente un instant, un instant seulement.» La mère avait commencé à l écrire, alors que l homme qu elle aimait, et qu elle attendait éperdument depuis dix ans, ne revenait toujours pas. Ne sachant bien comment honorer ce cadeau, la fille décide de le léguer à l Agence Nationale de la Recherche Cathartique, laboratoire itinérant chargé, selon leur propre formule, de «trouver une fin à des histoires qui n en ont pas eu». Comme une sorte d Odyssée inversée, on ne fera pas le récit de celui qui est parti, mais de celle qui est restée. De cette attente comme une aventure en soi. Dans cette pièce, la mère sera tout à la fois Pénélope et Ulysse: celle qui attend et la disparue que l on cherche à retrouver, à définir, à reconnaître.
610 _aMythe
_aécriture
700 _aJaccottet
_bLiora
700 _cAuteur du texte
702 _aCesari
_bPascal
702 _cAuteur du texte
801 0 _aFR
_bFR-751131015
_c20260220
_gAFNOR
_hFRBNF487077090000003
856 2 _u1178888
_bPremière de couverture
856 2 _u1178890
_bQuatrième de couverture